000 01640nam a2200361 a 4500
001 ebr10457009
003 CaPaEBR
006 m u
007 cr cn|||||||||
008 110426r20081988ne a sb 000 0 eng d
010 _z 87658269
020 _z9789027231772
020 _z9789027286154 (e-book)
040 _aCaPaEBR
_cCaPaEBR
035 _a(OCoLC)720621657
050 1 4 _aP306
_b.T43 2008eb
245 0 0 _aTechnology as translation strategy
_h[electronic resource] /
_cedited by Muriel Vasconcellos.
260 _aAmsterdam :
_bJohn Benjamins Pub. Co.,
_c2008.
300 _a248 p. :
_bill.
490 1 _aAmerican Translators Association scholarly monograph series ;
_vv. 2
500 _aOriginally published: Binghamton [N.Y.] : University Center at Binghampton (SUNY), 1988.
504 _aIncludes bibliographical references.
505 0 _asection 1. The translator and-- word processing -- section 2. The translator and-- the lexical data base -- section 3. The translator and-- machine translation.
533 _aElectronic reproduction.
_bPalo Alto, Calif. :
_cebrary,
_d2011.
_nAvailable via World Wide Web.
_nAccess may be limited to ebrary affiliated libraries.
650 0 _aTranslating and interpreting.
650 0 _aMachine translating.
650 0 _aWord processing.
655 7 _aElectronic books.
_2local
700 1 _aVasconcellos, Muriel.
710 2 _aebrary, Inc.
830 0 _aAmerican Translators Association scholarly monograph series ;
_vv. 2.
856 4 0 _uhttp://site.ebrary.com/lib/rucke/Doc?id=10457009
_zAn electronic book accessible through the World Wide Web; click to view
999 _c122652
_d122652